000 00224nam a2200097Ia 4500
008 190216s9999||||xx |||||||||||||| ||und||
100 _aChandra Mohan
245 0 _aIndiayile Marangal
260 _bKerala Basha Inst
942 _cBK
999 _c1248
_d1248